000
00301nam a2200133Ia 4500
008
231129s1972||||xx |||||||||||||| ||spa||
040
_b
spa
082
_a
923.173 S568j
100
_a
Sidey Hugh
245
0
_a
John F. Kennedy presidente
260
_c
1972
264
_a
Juventud
942
_2
ddc
_c
BKS
999
_c
16117
_d
16117